000 00647nam a2200217Ia 4500
005 20250508162931.0
008 008 250505s9999 xx 000 0 eng d
037 _aTextual
040 _aFEDL
_beng
_cFEDL
041 _aeng
_2eng
084 _a301, NEN
_qFEDL
100 _aNencel Lorraine Ed.
_9774435
245 0 _aConstructing knowledge: Authority and critique in social science
260 _aLondon, UK
_bSage Publications
_c1991
300 _axvi,224p
490 _aInquiries in social construction
650 _aSociology
700 _a Pels Peter Ed.
_9774436
942 _cTEXL
_h301, NEN
999 _c1379510
_d1379510